000 00280nam a2200109Ia 4500
008 230320s9999||||xx |||||||||||||| ||spa||
082 _a193/S31D
100 _aSchopenhauer, Arturo
245 0 _aLos Dos Problemas Fundamentales De La Ética I
260 _bAguilar
942 _82
_cLIB
999 _c26570
_d26570